"Financial GAP" in small and medium-sized enterprise finance
Probematika financovania malých a stredných podnikov. Príčiny podkapitalizácie malých a stredných podnikov. Porovnanie rozvinutých indistrializovaných krajín, rozvíjajúcich sa trhov a rozvojových krajín. Možnosti prekonania nedostatkov vo financovaní malých a stredných podnikov.
Salvato in:
| Autore principale: | |
|---|---|
| Natura: | Capitolo di libro |
| Lingua: | inglese |
| Soggetti: | |
| Tags: |
Nessun Tag, puoi essere il primo ad aggiungerne!!
|
MARC
| LEADER | 00000naa a2200000 4500 | ||
|---|---|---|---|
| 001 | 0146085 | ||
| 005 | 20240502072632.8 | ||
| 041 | 0 | |a eng | |
| 044 | |a SK | ||
| 245 | 1 | 0 | |a "Financial GAP" in small and medium-sized enterprise finance |c Katarína Belanová |
| 520 | |a Probematika financovania malých a stredných podnikov. Príčiny podkapitalizácie malých a stredných podnikov. Porovnanie rozvinutých indistrializovaných krajín, rozvíjajúcich sa trhov a rozvojových krajín. Možnosti prekonania nedostatkov vo financovaní malých a stredných podnikov. | ||
| 610 | 2 | 0 | |a podkapitalizácia |
| 610 | 2 | 0 | |a podnik malý |
| 610 | 2 | 0 | |a podnik stredný |
| 610 | 2 | 0 | |a krajiny rozvojové |
| 610 | 2 | 0 | |a krajiny vyspelé |
| 610 | 2 | 0 | |a financie podnikové |
| 610 | 2 | 0 | |a zdroje finančné cudzie |
| 610 | 2 | 0 | |a kapitál cudzí |
| 610 | 2 | 0 | |a kapitál finančný |
| 100 | 1 | |a Belanová, Katarína, 1978- | |